|
|
|
|
| LEADER |
00000nam2a2200000 4500 |
| 001 |
51101 |
| 005 |
20231031034522.0 |
| 010 |
|
|
|a 5930880115
|
| 035 |
|
|
|a (RuTPU)RU\TPU\book\53499
|
| 090 |
|
|
|a 51101
|
| 100 |
|
|
|a 20030424d1999 m y0rusy50 ca
|
| 101 |
0 |
|
|a rus
|
| 102 |
|
|
|a RU
|
| 105 |
|
|
|a a j 001zy
|
| 200 |
0 |
|
|a Ч.1: Меры и эталонные приборы
|
| 210 |
|
|
|d 1999
|
| 215 |
|
|
|a 78 с.
|c ил.
|
| 320 |
|
|
|a Библиогр.: с. 76-77
|
| 461 |
|
1 |
|0 (RuTPU)RU\TPU\book\54712
|t Поверка и калибровка приборов для измерения температуры
|o Учебное пособие
|f А. М. Бикулов
|v Ч.1: Меры и эталонные приборы
|d 1999-
|
| 610 |
1 |
|
|a теплофизика
|
| 610 |
1 |
|
|a температура
|
| 610 |
1 |
|
|a измерение
|
| 610 |
1 |
|
|a измерительные мосты
|
| 610 |
1 |
|
|a потенциометры
|
| 610 |
1 |
|
|a учебные пособия
|
| 675 |
|
|
|a 536.5(07)
|v 3
|
| 801 |
|
1 |
|a RU
|b 63413507
|c 20030424
|g PSBO
|
| 801 |
|
2 |
|a RU
|b 63413507
|c 20100830
|g PSBO
|
| 942 |
|
|
|c BK
|